| 000 | 00634nam a2200193 a 4500 | ||
|---|---|---|---|
| 005 | 20240224063807.0 | ||
| 008 | 991125s1972 mx 000 0 spa u | ||
| 035 | _aUPN01000008271 | ||
| 049 | _aCG | ||
| 050 | 4 |
_aF1435 _bM6.28 1972 |
|
| 100 | 1 | _aBrainerd, George W. | |
| 245 | 1 | 3 |
_aLa civilización maya / _cpor Sylvanus G. Morley ; rev. por George W. Brainerd ; tr. de Adrián Recinos. |
| 260 |
_aMéxico : _bFCE, _c1972. |
||
| 300 |
_a527 p. : _bil., [51] h. láminas |
||
| 440 | 0 | _aSección de obras de antropología | |
| 650 | 4 |
_aMAYAS - _xARQUEOLOGIA _911438 |
|
| 650 | 4 |
_aMayas _xVida social y costumbres _912451 |
|
| 905 | _aLibro | ||
| 999 |
_c8271 _d8271 |
||